000 00465nam a2200169Ia 4500
001 35800
003 IN-NITTTR
005 20251114233433.0
008 251113s9999||||xx |||||||||||||| ||eng||
040 _beng
040 _cIN-NITTTR
041 _aeng
082 _aQA76.9.A25
100 _aAndress, Jason
245 4 _aThe Basics of Information Security :
_b Understanding the Fundamentals of InfoSec in Theory and Practice /
_cAndress, Jason
942 _2ddc
_cBK
999 _c35344
_d35344